MDQL
is popping MORE tags! Check the
thread
!
Quizzes
Events
Quiz Creation
Community
Videos
Private Events
Remove Ads
Sign In
Join for FREE
Feedback
Dark Mode
Quiz Categories
Sports
Geography
Music
Movies
Television
Just For Fun
Miscellaneous
History
Literature
Language
Science
Gaming
Entertainment
Religion
Holiday
For Kids
Quiz Lab
Recent
Popular Today
Quiz Kudos Today
Editor Picks
Curator Picks
Quizzes by...
Day
Popularity
Type
Ratings
Length
Year
Community
Subscriptions
Recent Discussions
Orange Saloon
Badges
Playlists
Quests
Create
Leaderboards
Showdown
Live 5
Trivia Bingo
Activity
Puzzle Library
Sporcle Events
Private Events
Virtual Trivia
Globe League
Become a Host
Pub Owners
SporcleCon
Opinionation
Our Games
Videos
Blog
Mobile Apps
Partnerships
Remove Ads and Go Orange
Feedback
Language
Vocabulary
Begins and Ends
Definition
Spanish
French
German
Italian
Chinese
Latin
Translation
Japanese
Language
Vocabulary
Begins and Ends
Definition
Spanish
French
German
Italian
Chinese
Latin
Translation
Japanese
Random Quiz
Search Sporcle
×
Quiz Lab
Quiz Lab
Language
Vocabulary
Type in answers that appear in a list
Type in answers that appear in a list
Classic
Best Score? Go Orange.
Words that Lag Behind Stats
Can you name the words and names which contain the word 'lag'?
By
zaphenath
4m
22 Questions
31 Plays
31 Plays
31 Plays
Comments
Comments
Give Quiz Kudos
Give Quiz Kudos
-
- Ratings
hide this ad
More Info
Replay
Link that replays current quiz
Next Quiz
Link to next quiz in quiz playlist
You Got
0%
They Got
Avg Score
59%
Avg Friend Score
Upgrade to see
Score Distribution
Jump to the score distribution portion of the page
Score
0/22
Timer
04:00
0
Plays Today
Hint
Answer
% Correct
Large group or chain of islands
ARCHIPELAGO
83.9%
Banner often representing official colors
FLAG
83.9%
To disguise by coloring to blend in with surroundings
CAMOUFLAGE
77.4%
Artistic composition made of various materials glued onto a backing
COLLAGE
74.2%
Network of forced labor camps in the former Soviet Union
GULAG
74.2%
Type of beer that is fermented and conditioned at low temperatures
LAGER
74.2%
Matter separated from metals during the refining of ore
SLAG
71%
Main body of an aircraft
FUSELAGE
67.7%
Group of residences, larger than a hamlet and smaller than a town
VILLAGE
67.7%
To sack, maraud, plunder
PILLAGE
61.3%
Tapering column rising from the floor of a cavern
STALAGMITE
61.3%
Hint
Answer
% Correct
Conspicuously or obviously reprehensible; i.e. a type of foul in basketball
FLAGRANT
58.1%
Act of stealing someone else's work and passing them off as one's own
PLAGIARISM
58.1%
Most populous city in Nigeria
LAGOS
58.1%
Shallow body of water separated from a sea by sandbars or reefs
LAGOON
54.8%
Tough, fibrous connective tissue found in the joints of the body
CARTILAGE
48.4%
To whip, flog, or scourge
FLAGELLATE
48.4%
Outbreak of fire
CONFLAGRATION
45.2%
Sudden destructive influx or injurious outbreak; i.e., an epidemic
PLAGUE
38.7%
The state of being under the direction of a guardian or tutor
TUTELAGE
38.7%
The national language of Madagascar
MALAGASY
35.5%
Mammals of the taxonomic order containing hares, rabbits, and pikas
LAGOMORPH
22.6%
Quiz Playlist
Details
Report
Send in Message
Add To Playlist
More Info:
*Answers are in alphabetical order
Classic:
Type in answers that appear in a list
Last Updated: Feb 16, 2017
Quiz Scoreboard
CHALLENGE
Sign Up to Join the Scoreboard
Show All
Scores
Hide
Comments
May contain spoilers
Recently Published
Holiday 10x10 Sorting Gallery
by lukepisani3
Holiday
15m
Two Season TV Shows II
by 123Four
Television
10m
Image Sorting: Flags VI
by Barbecue
Geography
2m
More to Explore
Quiz From the Vault
Featured Blog Post
14 Easter Pick-up Lines to Find Eggs With
hide this ad
You Might Also Like...
Tags
Definition Quiz
Vocabulary Quiz
Today's Top Quizzes in Language
Browse Language
hide this ad
Today's Top Quizzes in Vocabulary
Browse Vocabulary
Top Contributed Quizzes in Language
1
What Word Starts All?
2
1-10 Letter F Words III
3
1-10 Letter G Words III
4
Weisst du, aus welchen Sprachen diese Wörter stammen?
5
1-10 Letter H Words III
6
Harry Potter book 6 chapters: English & Greek
7
Arabic Numerals
8
One Thing in Common: Italy
9
1-10 Letter I Words III
10
Celtic Nations in their Language
Explore More
Trending Topics
Disney
Kpop
Marvel
NBA
Crossword
Harry Potter
Anime
Song
WWE
Puzzle
NFL
Soccer
Country
The Office
Pokémon
hide this ad
More By:
zaphenath
Quiz
Plays
Rating
Category
Featured
Created
Pro Athletes in Yearbook Photos
137,147
4.67
Sports
Sep 9, 2013
2-Word Movie Pictograms
100,859
4.10
Movies
Nov 15, 2014
Countries by Former Flags
61,217
4.70
Geography
Jul 9, 2013
Classical Music by Score Fragment
57,588
4.52
Music
Jun 13, 2013
Super Word Chain
40,484
4.70
Language
Aug 14, 2013
Go to Creator's Profile
Score Distribution
Quiz Creator Spotlight
zaphenath
Follow
Send a Message
Quizzes Created
-
Created Quiz Play Count
-
More By This Creator
Popular Quizzes Today
1
Find the US States - No Outlines Minefield
2
Colored Red Africa Blitz
3
Find the 'City' Movie
4
The Countries of the World
5
5x2 Blitz: Bands
6
Find the Countries of Europe - No Outlines Minefield
7
Find the US States
8
US States
More Language Quizzes
5x4 Blitz: Languages
Editor's Pick
Trending Quizzes
Colored Red Europe Blitz I
Colored Red Africa Blitz II
Colored Red Europe Blitz II
Even More Two Season TV Shows
Colored Red Africa Blitz III
Recently Updated
Quick Pick: 20 Twenties
pecheneg
March Madness Men's Triple Doubles
pecheneg
How Do You Spell That?
pecheneg
Godzilla Movies
pecheneg
Grab Bag: 4-10 Letters
pecheneg
2024 March Madness Bracket
pecheneg
Famous TV Couples
Peacemaker
Champions League XIs: Real Madrid
pecheneg
Largest US Cities 1790-2010
pecheneg
Rides in Walt Disney World
pecheneg
Trending Topics
Crossword
Harry Potter
NBA
Disney
Kpop
Marvel
Anime
Puzzle
Pokémon
Soccer
NFL
WWE
The Office
Song
Country
Your Account Isn't Verified!
In order to create a playlist on Sporcle, you need to verify the email address you used during registration. Go to your
Sporcle Settings
to finish the process.
Report this User
Report this user for behavior that violates our
Community Guidelines
.
Details:
Send Report
Go to the Sporcle.com Mobile Site →
Comments